banner-ar

NEEURO- VASCULAR NEURO OPHTHALMOLOGY / (Record no. 22702)

MARC details
000 -الفاتح
حقل البيانات ثابتة الطول 00531nam a2200205Ia 4500
008 - عناصر البيانات ثابتة الطول - معلومات عامة
حقل البيانات ثابتة الطول 140319s9999 xx 000 0 eng d
040 ## - مصدر الفهرسة
وكالة الفهرسة الأصلية GCL /
وكالة النسخ GCL
082 04 - رقم تصنيف ديوى العشرى
رقم التصنيف 6177
رقم المادة K N
100 1# - المدخل الرئيسى - إسم شخصى
الإسم الشخصى KUPERSMITH M.J
245 10 - بيان العنوان
العنوان NEEURO- VASCULAR NEURO OPHTHALMOLOGY /
بيان المسئوليه,etc KUPERSMITH M.J
260 ## - PUBLICATION, DISTRIBUTION, ETC. (IMPRINT)
تاريخ النشر أو التوزيع 1993
300 ## - الوصف المادى
التعداد 554 P
650 04 - المدخل الاضافى بالموضوع-مصطلح موضوعى
مصطلح موضوعي FYE
650 04 - المدخل الاضافى بالموضوع-مصطلح موضوعى
مصطلح موضوعي NEURO-OPHTHOLMOLOGY
650 04 - المدخل الاضافى بالموضوع-مصطلح موضوعى
مصطلح موضوعي OCCULAR MANIFESTATIONS
650 04 - المدخل الاضافى بالموضوع-مصطلح موضوعى
مصطلح موضوعي BLOOD VESSELS
650 04 - المدخل الاضافى بالموضوع-مصطلح موضوعى
مصطلح موضوعي DISEASES
942 ## - عناصر المدخل الإضافي( كوها)
مصدر التصنيف او مخطط الترفيف Dewey Decimal Classification
Koha [default] item type كتاب
260 ## - PUBLICATION, DISTRIBUTION, ETC. (IMPRINT)
-- [S.N] :
-- SPRINGER - VERLAG ،
Holdings
حالة التراجع حالة الفقد حالة تلف ليس للاعارة المكان المؤقت الموقع الحالى تاريخ الاكتساب اجمالي اﻻعارات رقم الطلب الباركود تاريخ اخر مشاهدة تاريخ تفعيل السعر نوع وعاء كوها
        مكتبة القاهرة الكبرى مكتبة القاهرة الكبرى 03/26/2014   6177\K N 41012 03/26/2014 03/26/2014 كتاب

Powered By

EGPV